Sports Quiz

Random Sports or NCAA Quiz

2011 NCAA MBB conference tournaments Quiz Stats

 Plays Quiz not verified by Sporcle

Support Sporcle.
Go Orange.
Score 0/31 Timer 05:00
0 Plays Today
Conference City % Correct
Big EastNew York
95.5%
Pacific-10Los Angeles
91%
Big TenIndianapolis
79.9%
SoutheasternAtlanta
79.9%
Mountain WestLas Vegas
76.1%
West CoastLas Vegas
76.1%
Western AthleticLas Vegas
76.1%
Big 12Kansas City
73.1%
Atlantic CoastGreensboro
66.4%
Missouri ValleySt. Louis
64.9%
Ohio ValleyNashville
57.5%
Mid-AmericanCleveland
51.5%
Colonial AthleticRichmond
43.3%
HorizonMilwaukee
41%
America EastHartford
30.6%
Conference USAEl Paso
29.9%
Conference City % Correct
Big WestAnaheim
27.6%
IvyNew Haven
26.9%
SummitSioux Falls
20.9%
SouthlandKaty
13.4%
Atlantic SunMacon
11.9%
SouthernChattanooga
9.7%
Sun BeltHot Springs
9%
Metro AtlanticBridgeport
7.5%
NortheastLong Island
7.5%
Great WestOrem
3.7%
Big SkyGreeley
3%
Big SouthConway
3%
Patriot LeagueLewisburg
3%
Southwestern AthleticGarland
3%
Mid-EasternWinson-Salem
0.7%

You're not logged in!

Compare scores with friends on all Sporcle quizzes.
OR
Log In

From the Vault

-art Definitions

by NO_r_WAY

It's never to late to brush up on some vocabulary.
Remove Ads.
Support Sporcle.
Get the best of Sporcle when you Go Orange. This ad-free experience offers more features, more stats, and more fun while also helping to support Sporcle. Thank you for becoming a member.

Show Comments

Extras

Top Quizzes Today


Score Distribution

Your Account Isn't Verified!

In order to create a playlist on Sporcle, you need to verify the email address you used during registration. Go to your Sporcle Settings to finish the process.

Report this User

Report this user for behavior that violates our Community Guidelines.

Details: